000 00863nam0a22002291 4500
001 rc\3039268
005 20250530022100.0
035 _a(NLR Aleph) 007179642
090 _a7428738
_c7428738
100 _a20080315d1935 |||y0rusy50 ca
101 0 _arus
102 _aRU
105 _aa z ||||y
200 1 _aОсновные стандарты в пищевкусовой промышленности
_eКлассификации и методы испытаний
_fН.Ф. Хромец
210 _aМосква
_aЛенинград
_cСтандартгиз
_d1935
_e[Рязань]
_gтип. "Мособлполиграфа"
215 _aОбл., 260 с.
_cил.
_d22х15 см
700 1 _aХромец
_bН.Ф.
_gНиколай Федорович
801 0 _aRU
_bNLR
_gpsbo
801 1 _aRU
_bELAR
_2rusmarc
852 _aNLR
_j35-3/930
942 _cBOOK
980 _aNB